000 00952nam a22003257a 4500
001 000375
003 DO-SdBNP
005 20221101121244.0
007 000375
008 160707b 2009 sp |||| 00| 0 spa d
020 _a9788466321396
040 _aBPMSU
_bspa
_cBPMSU
082 4 _a843.91
_bV297q 2009
_222
100 1 _aVargas, Fred,
_d1957-
240 _l
245 1 0 _aQue se levanten los muertos /
_cFred Vargas ; traducción, Helena del Amo.
250 _a2a ed.
260 _aMadrid :
_bPunto de Lectura,
_c2008.
300 _a311 p. ;
_c19 cm.
490 0 _aPunto de lectura
_v257/5
534 _a Títutlo original :
_tDebout les morts.
_lDebout les morts.
590 _6Invetariado, 2022/VM
650 4 _aNovela francesa.
650 4 _aNovela policíaca.
700 1 2 _aAmo, Helena del,
_etr.
910 _aLOPEREZ/ VMateo V./Validado
942 _2ddc
_cBK
945 _a
956 _2LOPEREZ
_310
_620160707
_8BPMSU
_a00041
999 _c10762
_d10762